|
|
|
|
| LEADER |
00000cam a2200000 7i4500 |
| 001 |
0000036008 |
| 005 |
20130529.0 |
| 008 |
130529 |
| 020 |
|
|
|a 9673716890
|
| 090 |
0 |
0 |
|a 646.404
|b TAT
|
| 100 |
0 |
|
|a Tatiana Vidi
|
| 245 |
1 |
0 |
|a Tatacara jahitan blaus yang menawan
|c Tatiana Vidi; editor Nor Hanis
|
| 260 |
|
|
|a KL :
|b SynergyMedia ,
|c [s.n]
|
| 440 |
|
|
|a Siri kemahiran wanita
|
| 650 |
|
0 |
|a Sewing
|x Blouse
|
| 700 |
0 |
|
|a Nor Hanis
|
| 999 |
|
|
|a 0001198708
|b Book
|c Adult Collection
|e Cawangan Bandar Tenggara
|
| 999 |
|
|
|a 0001198709
|b Book
|c Adult Collection
|e Cawangan Mersing
|
| 999 |
|
|
|a 0001198710
|b Book
|c Adult Collection
|e Cawangan Muar
|
| 999 |
|
|
|a 0001198714
|b Book
|c Adult Collection
|e Cawangan Pontian
|
| 999 |
|
|
|a 0001198718
|b Book
|c Adult Collection
|e Cawangan Bandar Penawar
|
| 999 |
|
|
|a 0001198721
|b Book
|c Adult Collection
|e Perbadanan Perpustakaan Awam Johor
|
| 999 |
|
|
|a 0001201952
|b Book
|c Adult Collection
|e Cawangan Bandar Tenggara
|
| 999 |
|
|
|a 0001201957
|b Book
|c Adult Collection
|e Cawangan Segamat
|
| 999 |
|
|
|a 0001201958
|b Book
|c Adult Collection
|e Cawangan Tangkak
|
| 999 |
|
|
|a 0001201959
|b Book
|c Adult Collection
|e Cawangan Muar
|
| 999 |
|
|
|a 0001201961
|b Book
|c Adult Collection
|e Cawangan Mersing
|
| 999 |
|
|
|a 0001201962
|b Book
|c Adult Collection
|e Cawangan Taman Sri Lambak
|
| 999 |
|
|
|a 0001201963
|b Book
|c Adult Collection
|e Cawangan Bandar Penawar
|
| 999 |
|
|
|a 0001201964
|b Book
|c Adult Collection
|e Cawangan Kota Tinggi
|
| 999 |
|
|
|a 0001201965
|b Book
|c Adult Collection
|e Cawangan Segamat
|